| 000 | 00498nam a2200145 a 4500 | ||
|---|---|---|---|
| 001 | 000027807 | ||
| 005 | 20250204092151.0 | ||
| 008 | 110405s1991 dr 000 0 spa d | ||
| 040 |
_aDO-SdBNP _bspa _cBNPHU |
||
| 245 | 1 | 0 |
_aLuz de canciones : _bobra poética de J. Furcy Pichardo / _ccompilador Julio Jaime Julia. |
| 260 |
_aSanto Domingo : _bUniversidad Tecnológica del Cibao _fEditora Central _c1991. |
||
| 300 |
_a83 P. ; _c22 cm. |
||
| 700 | 1 |
_aJulia, Julio Jaime _d1922-1993 _920185 |
|
| 049 | _aBNPD | ||
| 999 |
_c27299 _d27299 |
||